18 Biggest Economies by Patriotism - Statistics

General Stats
  • This quiz has been taken 39 times
    38 since last reset
  • The average score is 9 of 18
Answer Stats
Patriotism level GDP (2016) Answer % Correct
41 percent 3.467 trillion United States
95%
13 percent 296.4 billion USD United Kingdom
81%
36 percent 2.465 trillion India
76%
5 percent 2.264 trillion USD Germany
70%
5 percent 18.57 trillion USD France
68%
34 percent 202.6 billion Australia
62%
7 percent 348.7 billion USD Sweden
46%
11 percent 646.4 billion USD Finland
43%
11 percent 932.3 billion USD Norway
43%
14 percent 370.6 billion USD Indonesia
41%
25 percent 297 billion USD Saudi Arabia
41%
13 percent 306.1 billion USD Denmark
38%
7 percent 406.8 billion USD Singapore
35%
25 percent 236.8 billion USD Thailand
35%
27 percent 511 billion USD United Arab Emirates
35%
6 percent 1.205 trillion USD Vietnam
35%
15 percent 304.9 billion USD Philippines
30%
11 percent 2.619 trillion USD Malaysia
27%
No matching quizzes found
Score Distribution
Percent of People with Each Score
Percentile by Number Answered
Your Score History
You have not taken this quiz since the last reset